[Event "AUTO-INT-2287"]
[Site "http://www.queenalice.com/game.php?id=1045479"]
[Date "2012.4.3"]
[Round "1"]
[White "Luca74"]
[Black "teferi"]
[Result "1-0"]
[WhiteElo "1667"]
[BlackElo "1435"]

1. d4 d5 2. c4 e6 3. Nc3 c5 4. e3 Nf6 5. cxd5 exd5 6. dxc5 Ng4 7. Bb5+ Nc6 8.
Nh3 Bxc5 9. Nxd5 O-O 10. O-O Bd6 11. Ndf4 Nce5 12. a3 f5 13. Bc4+ Nxc4 14. Qd5+
Kh8 15. Qxc4 Qc7 16. Qxc7 Bxc7 17. Rd1 Re8 18. Bd2 Rd8 19. Ng5 Ne5 20. Bc3 h6
21. Ng6+ Nxg6 22. Nf7+ Kh7 23. Nxd8 f4 24. e4 a5 25. b4 a4 26. Nxb7 Bxb7 27. Rd7
Rc8 28. Rxg7+ Kh8 29. Rxg6+ Kh7 30. Rg7+ Kh8 31. Rxc7+ 1-0

[Event "AUTO-INT-2287"]
[Site "http://www.queenalice.com/game.php?id=1045480"]
[Date "2012.4.3"]
[Round "1"]
[White "teferi"]
[Black "Luca74"]
[Result "0-1"]
[WhiteElo "1436"]
[BlackElo "1672"]

1. e4 e5 2. Nf3 Nc6 3. c4 Nf6 4. d3 Bc5 5. a3 Ng4 6. Be3 Bxe3 7. fxe3 Nxe3 8.
Qc1 Ng4 9. Nc3 d6 10. Ng5 Nd4 11. Be2 Nb3 12. Qd1 Nxa1 13. Qxa1 Qxg5 14. Rf1 Ne3
15. Qc1 Nxg2+ 16. Kd1 Qxc1+ 17. Kxc1 Be6 18. Nb5 Ne3 19. Rf3 O-O-O 20. Rxe3 f5
21. exf5 Bxf5 22. d4 exd4 23. Nxd4 Rhe8 24. Rg3 g6 25. Rf3 Bg4 26. Rf6 Bxe2 27.
Nxe2 Rxe2 28. Rf1 Rxh2 29. Kb1 g5 30. Rf5 h6 31. c5 d5 32. c6 bxc6 33. Rf6 Rd6
34. Rf7 g4 0-1

[Event "AUTO-ADV-2475"]
[Site "http://www.queenalice.com/game.php?id=1050240"]
[Date "2012.4.18"]
[Round "1"]
[White "vivafischer"]
[Black "Luca74"]
[Result "1-0"]
[WhiteElo "2220"]
[BlackElo "1674"]

1. e4 e5 2. Nf3 Nc6 3. Bb5 a6 4. Bxc6 bxc6 5. Nc3 d5 6. exd5 cxd5 7. Nxe5 Nf6 8.
O-O Bc5 9. d4 Bd6 10. Bg5 Bb7 11. Re1 O-O 12. Qf3 c6 13. Re3 Qb6 14. Bxf6 Qxb2
15. Rb1 Qxc2 16. Qg4 g6 17. Qg5 Bxe5 18. dxe5 d4 19. Qh6 dxe3 20. Qg7# 1-0

[Event "AUTO-ADV-2475"]
[Site "http://www.queenalice.com/game.php?id=1050241"]
[Date "2012.4.18"]
[Round "1"]
[White "Luca74"]
[Black "vivafischer"]
[Result "0-1"]
[WhiteElo "1661"]
[BlackElo "2263"]

1. d4 d5 2. Nf3 Nf6 3. c4 c6 4. Nc3 dxc4 5. e3 b5 6. a4 Nd5 7. Be2 e6 8. axb5
Nxc3 9. bxc3 cxb5 10. e4 Bb7 11. e5 Be7 12. O-O O-O 13. Ba3 Bd5 14. Qb1 a6 15.
Qc2 Nc6 16. Ng5 Bxg5 17. Bxf8 Qxf8 18. Qd1 Be7 19. Bf3 Qd8 20. Bxd5 Qxd5 21. Qg4
a5 22. Rfb1 Rb8 23. Qf3 Qxf3 24. gxf3 g6 25. f4 b4 26. Ra4 Kf8 27. Kg2 Ke8 28.
Kf3 Nxd4+ 29. cxd4 c3 30. Rc1 b3 31. Raa1 b2 32. Ke2 bxc1=Q 33. Rxc1 Rb2+ 34.
Kd3 Bb4 35. Rc2 Rxc2 36. Kxc2 a4 37. h4 Kd7 38. f3 a3 39. Kb3 Kc6 40. f5 Kd5 0-1

[Event "AUTO-ADV-2475"]
[Site "http://www.queenalice.com/game.php?id=1050252"]
[Date "2012.4.18"]
[Round "1"]
[White "REUSKING"]
[Black "Luca74"]
[Result "1-0"]
[WhiteElo "2016"]
[BlackElo "1677"]

1. e4 e5 2. Nf3 Nc6 3. d4 exd4 4. Nxd4 Ne5 5. Bf4 Bd6 6. Bg3 Nf6 7. Nc3 b6 8.
Be2 Bb7 9. f3 c6 10. Nf5 Bf8 11. Bxe5 g6 12. Nd6+ Bxd6 13. Qxd6 Qe7 14. Qxf6
Qxf6 15. Bxf6 Rg8 16. O-O-O b5 17. e5 g5 18. Ne4 d5 19. Nd6+ Kd7 20. Nxb7 a5 21.
Nd6 Ke6 22. Bd3 Kd7 23. Bxh7 Rgb8 24. Bf5+ Kc7 25. Nxf7 b4 26. e6 Rf8 27. Bxg5
c5 28. Rxd5 Kc6 29. Rhd1 Rae8 30. Rd8 Rxd8 31. Rxd8 Rxd8 32. Bxd8 Kd5 33. e7 Kd4
34. e8=Q a4 35. Qe4# 1-0

[Event "AUTO-ADV-2475"]
[Site "http://www.queenalice.com/game.php?id=1050253"]
[Date "2012.4.18"]
[Round "1"]
[White "Luca74"]
[Black "REUSKING"]
[Result "0-1"]
[WhiteElo "1679"]
[BlackElo "2020"]

1. d4 d5 2. c4 e6 3. Nc3 Nf6 4. Bg5 Be7 5. e3 O-O 6. Nf3 Nbd7 7. Bd3 c6 8. c5 b6
9. O-O bxc5 10. Ne5 Nxe5 11. dxe5 Nd7 12. Bf4 Qc7 13. Qh5 g6 14. Qg4 Nxe5 15.
Bxe5 Qxe5 16. Rac1 a5 17. a4 Ba6 18. Qe2 Bxd3 19. Qxd3 c4 20. Qd4 Bd6 21. f4
Qxd4 22. exd4 Rab8 23. Rb1 Rb7 24. g4 Rfb8 25. Rf2 Bb4 26. Rff1 Bxc3 27. b3
Bxd4+ 28. Kg2 Rxb3 29. Rbd1 Bc5 30. g5 Rb2+ 31. Rf2 Rxf2+ 0-1

[Event "AUTO-ADV-2475"]
[Site "http://www.queenalice.com/game.php?id=1050258"]
[Date "2012.4.18"]
[Round "1"]
[White "pancas"]
[Black "Luca74"]
[Result "1-0"]
[WhiteElo "1822"]
[BlackElo "1659"]

1. e4 Nc6 2. Nf3 e5 3. d4 exd4 4. Nxd4 Bc5 5. Nxc6 Bxf2+ 6. Kxf2 Qf6+ 7. Qf3
Qxc6 8. Bd3 Nf6 9. Re1 d6 10. Kg1 O-O 11. Nc3 Bg4 12. Qg3 Rae8 13. Bd2 a6 14.
Ne2 Bxe2 15. Rxe2 Qb6+ 16. Kh1 Qxb2 17. Ree1 Nxe4 18. Bxe4 Rxe4 19. Rf1 Qxc2 20.
Bc3 g6 21. Rac1 Qxa2 22. Qg5 d5 23. Qf6 d4 24. Ba1 Qe6 25. Qg5 Qe5 26. Qh6 c5
27. Rf3 Re1+ 28. Rf1 Re8 29. h3 b5 30. Rfxe1 Qb8 31. Rf1 Re5 32. Qf4 g5 33.
Qxf7+ Kh8 34. Qf6+ Kg8 35. Qxa6 b4 36. Bxd4 1-0

[Event "AUTO-ADV-2475"]
[Site "http://www.queenalice.com/game.php?id=1050259"]
[Date "2012.4.18"]
[Round "1"]
[White "Luca74"]
[Black "pancas"]
[Result "1-0"]
[WhiteElo "1650"]
[BlackElo "1831"]

1. d4 d5 2. c4 e6 3. Nc3 Nf6 4. Bg5 Be7 5. e3 Nc6 6. Nf3 h6 7. Bf4 a6 8. a4 Bd6
9. Bxd6 Qxd6 10. c5 Qe7 11. Bd3 Nb4 12. O-O Nxd3 13. Qxd3 O-O 14. b4 b6 15. Ne5
Bb7 16. c6 Bc8 17. b5 a5 18. f3 Nh7 19. e4 Qg5 20. exd5 f6 21. Nd7 Bxd7 22. cxd7
Rad8 23. dxe6 f5 24. Nd5 f4 25. e7 Qxd5 26. e8=Q Rxd7 27. Qxh7+ Kxh7 28. Qxf8
Qxd4+ 29. Kh1 Qd5 30. Qxf4 Rd6 31. Qe4+ Qxe4 32. fxe4 Rd4 33. e5 Re4 34. Rfe1
Rxe1+ 35. Rxe1 Kg8 36. Rf1 c6 37. bxc6 b5 38. axb5 a4 39. c7 1-0

[Event "Challenge"]
[Site "http://www.queenalice.com/game.php?id=1055096"]
[Date "2012.5.2"]
[Round "-"]
[White "Luca74"]
[Black "Ricardoabreu"]
[Result "1/2-1/2"]
[WhiteElo "1663"]
[BlackElo "1609"]

1. d4 b6 2. c4 Bb7 3. Nc3 g6 4. e4 Bg7 5. Nf3 e6 6. Bd3 Nh6 7. O-O Na6 8. a3 O-O
9. b4 Nb8 10. e5 a5 11. b5 Nf5 12. Be4 Bxe4 13. Nxe4 d6 14. a4 Nd7 15. Ra3 dxe5
16. dxe5 Nxe5 17. Nxe5 Bxe5 18. Rd3 Qh4 19. h3 Qxe4 20. Re1 Qh4 21. Rxe5 Qf6 22.
Bf4 Ne7 23. Qf3 Rad8 24. Bh6 Qxe5 25. Bxf8 Rxf8 26. g4 Qa1+ 27. Qd1 Qxd1+ 28.
Rxd1 Nc8 29. f4 Nd6 30. c5 bxc5 31. b6 cxb6 32. Rxd6 Rc8 33. Rxb6 c4 34. Rb1 c3
35. Rc1 Rc4 36. Kf2 Rxf4+ 37. Ke3 Rxa4 38. Rxc3 Ra1 39. Kd3 Rh1 40. Kc4 Rb1 41.
Ra3 Rb4+ 42. Kc3 Rb1 43. Rxa5 Rh1 44. Ra3 Rxh3+ 45. Kb4 Rxa3 46. Kxa3 Kf8 47.
Kb4 Ke7 48. Kc4 Kf6 49. Kd4 h5 50. gxh5 gxh5 51. Ke4 e5 52. Kf3 Kf5 53. Ke3 Ke6
54. Ke4 f5+ 55. Kf3 Kd5 56. Ke3 f4+ 57. Kf3 Kd4 58. Kf2 e4 59. Ke2 f3+ 60. Kf2
Kd3 61. Kf1 e3 62. Ke1 h4 63. Kf1 Kd2 64. Kg1 Ke2 65. Kh1 f2 66. Kh2 f1=Q
1/2-1/2

[Event "AUTO-INT-2247"]
[Site "http://www.queenalice.com/game.php?id=1109410"]
[Date "2012.10.4"]
[Round "2"]
[White "robsonsouza"]
[Black "Luca74"]
[Result "0-1"]
[WhiteElo "1673"]
[BlackElo "1729"]

1. e4 e6 2. e5 d6 3. Nf3 Nc6 4. Bb5 Bd7 5. Bxc6 Bxc6 6. d4 dxe5 7. Nxe5 Bxg2 8.
Rg1 Qd5 9. Nc3 Bb4 10. Bd2 Qxd4 11. Nd3 Bxc3 12. Bxc3 Qe4+ 13. Kd2 Nf6 14. Bxf6
gxf6 15. Qe1 O-O-O 16. Qxe4 Bxe4 17. Rg7 Bg6 18. Rg1 Rhg8 19. Rxg8 Rxg8 20. Nf4
e5 21. Nd5 Rd8 22. c4 c6 23. Kc3 cxd5 24. Rf1 d4+ 25. Kd2 e4 26. Rg1 f5 27. Rg5
h6 28. Rg3 d3 29. h4 f4 30. Rg4 e3+ 31. fxe3 fxe3+ 32. Kxe3 d2 33. Rg1 d1=Q 34.
Rxd1 Rxd1 35. Ke2 Rd4 36. b3 Rxh4 37. Kd2 Rf4 38. Kc3 h5 39. a4 h4 40. b4 b6 41.
b5 h3 42. Kb4 h2 43. a5 bxa5+ 44. Kxa5 h1=Q 45. c5 Qa1# 0-1

[Event "AUTO-INT-2247"]
[Site "http://www.queenalice.com/game.php?id=1109411"]
[Date "2012.10.4"]
[Round "2"]
[White "Luca74"]
[Black "robsonsouza"]
[Result "1-0"]
[WhiteElo "1690"]
[BlackElo "1640"]

1. e4 e5 2. Nf3 d6 3. d4 Bg4 4. Be2 Bxf3 5. Bxf3 Nc6 6. d5 Nd4 7. Be3 Nb5 8. O-O
Qe7 9. c4 Nd4 10. Bxd4 exd4 11. Qxd4 b6 12. Nc3 O-O-O 13. b4 Nf6 14. Nb5 Kb8 15.
a4 g6 16. a5 Rg8 17. axb6 cxb6 18. Rxa7 Rd7 19. Qxb6+ Kc8 20. Ra8# 1-0

[Event "AUTO-INT-2247"]
[Site "http://www.queenalice.com/game.php?id=1109418"]
[Date "2012.10.4"]
[Round "2"]
[White "Luca74"]
[Black "renet54"]
[Result "1-0"]
[WhiteElo "1717"]
[BlackElo "1625"]

1. d4 Nf6 2. c4 g6 3. Nc3 d5 4. Nf3 Bg7 5. Qb3 dxc4 6. Qxc4 Be6 7. d5 Bxd5 8.
Nxd5 Nxd5 9. Qb5+ Nd7 10. Qxb7 O-O 11. Qxd5 Kh8 12. Nd4 e6 13. Nxe6 fxe6 14.
Qxe6 Nc5 15. Qc4 Bd4 16. e3 Qe7 17. Qxd4+ Rf6 18. Bc4 Rd8 19. Bd5 Rf8 20. b4 Ne6
21. Bxe6 h5 22. Qd7 Qxb4+ 23. Bd2 Qb2 24. Rc1 Rxf2 25. Qd4+ Qxd4 26. exd4 Rxg2
27. Rf1 Re8 28. d5 Rb8 29. Rxc7 Rb2 30. Rf8# 1-0

[Event "AUTO-INT-2247"]
[Site "http://www.queenalice.com/game.php?id=1109419"]
[Date "2012.10.4"]
[Round "2"]
[White "renet54"]
[Black "Luca74"]
[Result "0-1"]
[WhiteElo "1638"]
[BlackElo "1704"]

1. d4 d5 2. Nf3 Nf6 3. e3 e6 4. c4 Bb4+ 5. Bd2 Nc6 6. Bd3 Ne4 7. Bxb4 Nxb4 8.
O-O O-O 9. Bxe4 dxe4 10. Nfd2 Nd3 11. Nxe4 Nxb2 12. Qf3 Nxc4 13. Nbd2 b5 14.
Nxc4 bxc4 15. Qg3 Bb7 16. f3 Ba6 17. Rab1 c3 18. Rfc1 c2 19. Rb2 Bd3 20. Nc5 Rb8
21. Rxb8 Qxb8 22. Nd7 Qb2 23. Nf6+ Kh8 24. Nh5 Qxc1+ 25. Kf2 Qf1# 0-1

[Event "AUTO-ADV-2712"]
[Site "http://www.queenalice.com/game.php?id=1134377"]
[Date "2012.12.25"]
[Round "1"]
[White "favazza2007"]
[Black "Luca74"]
[Result "1-0"]
[WhiteElo "1884"]
[BlackElo "1779"]

1. c4 c5 2. Nf3 Nf6 3. Nc3 Nc6 4. g3 e6 5. Bg2 d5 6. cxd5 exd5 7. d3 Be7 8. O-O
O-O 9. Bg5 h6 10. Bxf6 Bxf6 11. e3 c4 12. dxc4 d4 13. exd4 Bxd4 14. Nxd4 Nxd4
15. Bd5 Qf6 16. f4 Be6 17. Bxe6 Nxe6 18. Rb1 Qd4+ 19. Qxd4 Nxd4 20. Rbd1 Rad8
21. Rde1 Rfe8 22. Rxe8+ Rxe8 23. Nd5 a6 24. Rf2 Ne2+ 25. Kf1 Nc1 26. b3 Nd3 27.
Re2 Rxe2 28. Kxe2 Nc1+ 29. Kd2 Nxa2 30. Kc2 a5 31. Kb2 Nb4 32. Nxb4 axb4 33. Kc2
Kf8 34. Kd3 Ke7 35. c5 f5 36. Kc4 Kd7 37. Kxb4 g5 38. fxg5 hxg5 39. Kb5 Kc7 40.
Kc4 b6 41. cxb6+ Kxb6 42. Kd5 f4 43. gxf4 gxf4 44. Ke4 f3 45. Kxf3 Kc5 46. h4
1-0

[Event "AUTO-ADV-2712"]
[Site "http://www.queenalice.com/game.php?id=1134378"]
[Date "2012.12.25"]
[Round "1"]
[White "Luca74"]
[Black "favazza2007"]
[Result "0-1"]
[WhiteElo "1791"]
[BlackElo "1895"]

1. e4 d5 2. exd5 Nf6 3. Bc4 e6 4. dxe6 fxe6 5. Qe2 Qd6 6. d4 Be7 7. Nf3 O-O 8.
O-O a6 9. Ng5 Nd5 10. Nc3 c6 11. h4 b5 12. Bd3 Bxg5 13. Bxg5 Nf4 14. Bxf4 Qxf4
15. Be4 Bb7 16. Qh5 g6 17. Qh6 Qxh6 18. Rad1 Qxh4 19. d5 exd5 0-1

[Event "AUTO-ADV-2712"]
[Site "http://www.queenalice.com/game.php?id=1134393"]
[Date "2012.12.25"]
[Round "1"]
[White "Luca74"]
[Black "carloswecker"]
[Result "0-1"]
[WhiteElo "1758"]
[BlackElo "1934"]

1. e4 c5 2. Nf3 d6 3. d4 cxd4 4. Nxd4 Nf6 5. Nc3 a6 6. Bg5 Nbd7 7. f4 e6 8. e5
dxe5 9. fxe5 Nxe5 10. Ne4 Be7 11. Qe2 Qxd4 12. Nc3 Ned7 13. Be3 Qe5 14. O-O-O
O-O 15. Bd4 Qxe2 16. Bxe2 Bc5 17. Bxc5 Nxc5 18. Bf3 Rb8 19. b4 Ncd7 20. Ne4 Nxe4
21. Bxe4 Nf6 22. Rhe1 Nxe4 23. Rxe4 b5 24. Red4 Bb7 25. g4 Bd5 26. Kb2 g6 27. g5
Rfc8 28. h4 Rc4 29. c3 Rbc8 30. Rxc4 Rxc4 31. Kc2 Rxh4 32. Rd4 Rxd4 33. cxd4
Bxa2 34. Kd3 Kg7 35. Ke4 f6 36. Kf4 fxg5+ 37. Kxg5 h6+ 38. Kf4 Kf6 39. Ke4 h5
40. Kf4 g5+ 41. Ke4 h4 42. Kf3 Bd5+ 43. Kg4 Be4 44. Kh3 Kf5 45. Kh2 g4 46. Kg1
Kf4 47. Kf2 h3 48. Kg1 Kg3 49. Kf1 h2 50. Ke1 h1=Q+ 51. Kd2 Qf3 52. Kc1 Qe2 53.
d5 Qc2# 0-1

[Event "AUTO-ADV-2712"]
[Site "http://www.queenalice.com/game.php?id=1134394"]
[Date "2012.12.25"]
[Round "1"]
[White "carloswecker"]
[Black "Luca74"]
[Result "1-0"]
[WhiteElo "1934"]
[BlackElo "1767"]

1. d4 d5 2. c4 e6 3. Nc3 c5 4. cxd5 exd5 5. Nf3 Nc6 6. e3 c4 7. Be2 Bb4 8. O-O
Nf6 9. a3 Bxc3 10. bxc3 Ne4 11. Bb2 Qa5 12. Qc1 O-O 13. Nd2 Nxd2 14. Qxd2 b5 15.
Bf3 Be6 16. e4 dxe4 17. Bxe4 Bd7 18. Rfe1 Qc7 19. Qg5 g6 20. Re3 Qd8 21. Qh6 Ne7
22. a4 bxa4 23. Ba3 Bc6 24. Bxe7 Qxe7 25. Bxc6 Qc7 26. Bxa8 Rxa8 27. Rae1 Qc6
28. Rh3 1-0

[Event "Let's Play Chess!"]
[Site "http://www.queenalice.com/game.php?id=1401027"]
[Date "2015.12.29"]
[Round "-"]
[White "igorjava"]
[Black "Luca74"]
[Result "1-0"]
[WhiteElo "1889"]
[BlackElo "1767"]

1. e4 e5 2. f4 exf4 3. Nf3 Nf6 4. e5 Qe7 5. d4 d6 6. Bxf4 Bg4 7. Be2 Nc6 8. O-O
dxe5 9. Bxe5 Nxe5 10. dxe5 Bxf3 11. exf6 Qxf6 12. Bxf3 Qxb2 13. Qe2+ Be7 14. Nd2
Qxc2 15. Rfc1 Qb2 16. Kh1 Rd8 17. Re1 Rd7 18. Rad1 O-O 19. Bg4 Rdd8 20. Nc4 Qxe2
21. Bxe2 Rxd1 22. Rxd1 b5 23. Ne5 b4 24. Nc6 Bc5 25. Rb1 f5 26. Bc4+ Kh8 27. Bd3
f4 28. Re1 g5 29. Rc1 Re8 30. h3 f3 31. gxf3 Re3 32. Be4 h5 33. Rxc5 Re1+ 34.
Kg2 Re2+ 35. Kg1 g4 36. Rxh5+ Kg7 37. hxg4 Rxa2 38. Ra5 b3 39. Bb1 Rb2 40. Be4
Ra2 41. Rxa7 Rxa7 42. Nxa7 b2 43. Kf2 c5 44. Ke2 c4 45. Nb5 Kf6 46. Kd2 Ke5 47.
Kc3 Kf4 48. Kxb2 Kg5 49. Kc3 Kf4 50. Kxc4 Kg5 51. Kd4 Kf4 52. Nd6 Kg5 53. Ke5
Kh6 54. Kf5 Kg7 55. g5 Kf8 56. Kf6 Kg8 57. g6 Kh8 58. Nf7+ Kg8 59. Nh6+ Kf8 60.
g7+ Ke8 61. g8=Q+ Kd7 62. Qd5+ Ke8 63. Bg6+ Kf8 64. Qd8# 1-0

[Event "Let's Play Chess!"]
[Site "http://www.queenalice.com/game.php?id=1401028"]
[Date "2015.12.29"]
[Round "-"]
[White "Luca74"]
[Black "igorjava"]
[Result "1/2-1/2"]
[WhiteElo "1761"]
[BlackElo "1915"]

1. Nf3 c5 2. e4 d6 3. d4 cxd4 4. Nxd4 Nf6 5. Nc3 a6 6. Bc4 e6 7. O-O b5 8. Bd3
Bb7 9. b4 Nc6 10. Nxc6 Bxc6 11. a4 Qb6 12. Be3 Qb7 13. axb5 axb5 14. Rxa8+ Qxa8
15. Qa1 Qxa1 16. Rxa1 g6 17. Bxb5 Bxb5 18. Nxb5 Nxe4 19. f3 Nf6 20. Nxd6+ Bxd6
21. Ra8+ Kd7 22. Rxh8 Bxb4 23. Rb8 Bd6 24. Rb7+ Ke8 25. c4 Nd7 26. h4 h5 27. c5
Nxc5 28. Bxc5 Bxc5+ 29. Kf1 Kf8 30. Ke2 e5 31. Kd3 f6 32. Kc4 Bd4 33. Kd5 Bf2
34. Ke6 Bxh4 35. g3 Bg5 36. Rf7+ Kg8 37. f4 exf4 38. gxf4 Bh4 39. Rb7 Kf8 40. f5
gxf5 41. Kxf5 Bg5 42. Rh7 h4 43. Kg4 Kg8 44. Rb7 Kh8 45. Kf5 Kg8 46. Kg6 Kf8 47.
Kf5 Ke8 48. Ke6 Kf8 49. Rb8+ 1/2-1/2

[Event "Let's Play Chess!"]
[Site "http://www.queenalice.com/game.php?id=1403200"]
[Date "2016.1.8"]
[Round "-"]
[White "Rider"]
[Black "Luca74"]
[Result "0-1"]
[WhiteElo "1661"]
[BlackElo "1749"]

1. e4 e5 2. d4 exd4 3. Qxd4 Nc6 4. Qd5 Nf6 5. Qf5 d5 6. Qf3 dxe4 7. Qf4 Bd6 8.
Qe3 Bf5 9. Be2 O-O 10. c3 Ng4 11. Qg5 Qxg5 12. Bxg5 h6 13. Bd2 Nxh2 14. g3 Ng4
15. b4 a6 16. a3 b5 17. f3 exf3 18. Bxf3 Bxg3+ 19. Kd1 Nf2+ 20. Kc1 Nxh1 21.
Bxc6 Nf2 22. Bxa8 Nd3+ 23. Kd1 Rxa8 24. Be3 Rd8 25. Ke2 Bg4+ 26. Kf1 Nf4 27. Nd2
Rd3 28. Bxf4 Bxf4 29. Ne4 Bf3 30. Kf2 Bxe4 31. Ne2 Be5 32. Re1 Rf3+ 33. Kg1 Bxc3
34. Rd1 a5 35. Rc1 axb4 36. axb4 Bxb4 37. Rxc7 Bd6 38. Rc8+ Kh7 39. Nd4 Rg3+ 40.
Kf2 b4 41. Rc4 f5 42. Nb5 Bd3 43. Rd4 Bxb5 44. Rxd6 Rd3 45. Rb6 Rd5 46. Ke3 b3
0-1

[Event "Let's Play Chess!"]
[Site "http://www.queenalice.com/game.php?id=1403201"]
[Date "2016.1.8"]
[Round "-"]
[White "Luca74"]
[Black "Rider"]
[Result "1-0"]
[WhiteElo "1756"]
[BlackElo "1626"]

1. Nf3 d5 2. c4 dxc4 3. e3 Qd5 4. Nc3 Qc5 5. Qa4+ Bd7 6. Qxc4 e6 7. Qxc5 Bxc5 8.
Bb5 c6 9. d4 Bb4 10. Bc4 b5 11. Bd3 Nf6 12. O-O O-O 13. a3 Bd6 14. b4 a5 15.
bxa5 Rxa5 16. Bd2 b4 17. axb4 Rxa1 18. Rxa1 Rc8 19. e4 Bxb4 20. e5 Ne8 21. Ra4
Be7 22. h4 f6 23. g4 g6 24. g5 f5 25. Kg2 c5 26. Ba6 Rc6 27. Bb5 Rc7 28. Bxd7
Nxd7 29. dxc5 Nxc5 30. Rc4 Kf7 31. Be3 Rc8 32. Bxc5 Bxc5 33. Na4 Ng7 34. Nxc5
Rc6 35. Nd4 Rb6 36. Na4 Rb7 37. Nc6 Ke8 38. Rd4 Rc7 39. Rc4 Kd7 40. Nb6+ Ke8 41.
Na8 Rc8 42. Nb6 Rc7 43. Rc5 Kf8 44. Nc4 Nh5 45. Nd8 Re7 46. Rc8 Kg7 47. Rc6 Nf4+
48. Kf3 Nd3 49. Nxe6+ Kg8 50. Rc8+ Kf7 51. Nf4 Ne1+ 52. Ke2 Nc2 53. Nd6+ Kg7 54.
Rxc2 Rxe5+ 55. Kf3 Re7 56. h5 Rd7 57. h6+ Kf8 58. Rc8+ Ke7 59. Nxf5+ gxf5 60.
Ng6+ hxg6 61. h7 Rd3+ 62. Ke2 Rh3 63. h8=Q Rxh8 64. Rxh8 Kf7 65. Ke3 Kg7 66. Ra8
Kf7 67. Kd4 Ke6 68. Ra6+ Kf7 69. Ke5 Ke7 70. Ra7+ Kd8 71. Kd6 Kc8 72. Kc6 Kb8
73. Rg7 Ka8 74. Kb6 f4 75. f3 Kb8 76. Rg8# 1-0